Engineering Colleges Entrance Examination (Record no. 47606)

MARC details
000 -LEADER
fixed length control field 00436nam a2200145Ia 4500
008 - FIXED-LENGTH DATA ELEMENTS--GENERAL INFORMATION
fixed length control field 211109s9999||||xx |||||||||||||| ||und||
082 ## - DEWEY DECIMAL CLASSIFICATION NUMBER
Classification number 378.1662
Item number SAX-E
100 ## - MAIN ENTRY--PERSONAL NAME
Personal name Saxeena, Ved Prakash
245 #0 - TITLE STATEMENT
Title Engineering Colleges Entrance Examination
260 ## - PUBLICATION, DISTRIBUTION, ETC.
Name of publisher, distributor, etc. Young Man & Co.
Place of publication, distribution, etc. New Delhi
Date of publication, distribution, etc. 1993
300 ## - PHYSICAL DESCRIPTION
Extent e-124
630 ## - SUBJECT ADDED ENTRY--UNIFORM TITLE
General subdivision Reference reading room
650 ## - SUBJECT ADDED ENTRY--TOPICAL TERM
Topical term or geographic name entry element Social Sciences
942 ## - ADDED ENTRY ELEMENTS (KOHA)
Koha item type BOOK
650 ## - SUBJECT ADDED ENTRY--TOPICAL TERM
Form subdivision Education
General subdivision Higher educationGeneralia
Holdings
Withdrawn status Lost status Source of classification or shelving scheme Damaged status Not for loan Home library Current library Date acquired Cost, normal purchase price Full call number Barcode Shelving location Date last seen Price effective from Koha item type
    Dewey Decimal Classification     SB LIBRARY SB LIBRARY 09/11/2021 100.00 378.166 SAX-E 00089680 REFERENCE READING ROOM 09/11/2021 09/11/2021 BOOK

Powered by Koha